[Event "39th World Open"]
[Site "Philadelphia USA"]
[Date "2011.07.03"]
[EventDate "2011.06.30"]
[Round "6"]
[Result "1/2-1/2"]
[White "Ray Robson"]
[Black "Jaan Ehlvest"]
[WhiteElo "2545"]
[BlackElo "2580"]
[PlyCount "103"]

1. e4 c5 2. Nf3 Nc6 3. d4 cxd4 4. Nxd4 Qb6 5. Nb3 Nf6 6. Nc3
e6 7. Bd3 Be7 8. Be3 Qc7 9. f4 d6 10. Qf3 a6 11. O-O O-O
12. a3 b5 13. Kh1 Bb7 14. Qh3 b4 15. axb4 Nxb4 16. e5 dxe5
17. fxe5 Qxe5 18. Ra5 Bd5 19. Nxd5 exd5 20. Bd4 Qe6 21. Bf5
Qe2 22. Raa1 Qh5 23. Bxf6 Qxh3 24. Bxe7 Qh6 25. Bxb4 Rfe8
26. Nd4 Qb6 27. Bc3 g6 28. Bd3 Rec8 29. Nf3 Rxc3 30. bxc3 a5
31. c4 Qc5 32. cxd5 Qxd5 33. Ra4 Ra7 34. Nd4 Rb7 35. Nb3 Ra7
36. Raf4 a4 37. Bc4 Qd6 38. Bxf7+ Kh8 39. Nd4 Re7 40. Bc4 a3
41. g4 h6 42. Kg2 Qc5 43. Ne6 Qc6+ 44. Kg3 Ra7 45. h4 a2
46. h5 Ra3+ 47. Kh2 Qd6 48. Kg2 Qc6+ 49. Kf2 Qb6+ 50. Kg2 Qc6+
51. Kh2 Qd6 52. hxg6 1/2-1/2

[Event "39th World Open"]
[Site "Philadelphia USA"]
[Date "2011.07.04"]
[EventDate "2011.06.30"]
[Round "8"]
[Result "0-1"]
[White "Victor Mikhalevski"]
[Black "Ray Robson"]
[WhiteElo "2577"]
[BlackElo "2545"]
[PlyCount "106"]

1. d4 d5 2. c4 e6 3. Nf3 Nf6 4. g3 dxc4 5. Bg2 Bb4+ 6. Bd2 c5
7. Bxb4 cxb4 8. Ne5 O-O 9. Nxc4 Nc6 10. e3 e5 11. dxe5 Qxd1+
12. Kxd1 Ng4 13. Ke2 Ngxe5 14. Nbd2 Bg4+ 15. f3 Bf5 16. e4 Bd7
17. Rac1 Rad8 18. Rhd1 f5 19. f4 Nd4+ 20. Ke3 Ng4+ 21. Kxd4
Ba4+ 22. Kc5 Nf2 23. Nb3 Nxd1 24. Kxb4 Bc6 25. Nc5 Rfe8
26. Ne5 Ne3 27. Nxc6 bxc6 28. Bh1 fxe4 29. Nxe4 Rd4+ 30. Ka5
Rexe4 31. Bxe4 Rxe4 32. b3 Ng4 33. Rc2 Re7 34. Ka6 Rc7 35. b4
Nf6 36. b5 c5 37. b6 axb6 38. Kxb6 Nd5+ 39. Kb5 Rb7+ 40. Ka5
Ra7+ 41. Kb5 Rb7+ 42. Ka5 c4 43. Rxc4 Ra7+ 44. Kb5 Rxa2
45. Rc5 Nf6 46. h3 Rb2+ 47. Ka4 Rh2 48. g4 Rxh3 49. g5 Ne4
50. Re5 Nd6 51. Rd5 Nf7 52. Ra5 g6 53. f5 gxf5 0-1

[Event "39th World Open"]
[Site "Philadelphia USA"]
[Date "2011.07.04"]
[EventDate "2011.06.30"]
[Round "9"]
[Result "1/2-1/2"]
[White "Ray Robson"]
[Black "Pentala Harikrishna"]
[WhiteElo "2545"]
[BlackElo "2666"]
[PlyCount "109"]

1. e4 e5 2. Nf3 Nc6 3. Bb5 Nf6 4. O-O Nxe4 5. d4 Nd6 6. Bg5
Be7 7. Bxe7 Qxe7 8. Bxc6 dxc6 9. dxe5 Nf5 10. Nc3 Be6 11. Qd3
h6 12. h3 O-O 13. Qe4 Rad8 14. Rad1 Qc5 15. Rfe1 Qc4 16. Qxc4
Bxc4 17. g4 Ne7 18. Kh2 c5 19. Kg3 Nc6 20. b3 Be6 21. Nb5 Rc8
22. c4 a6 23. Nc3 Rcd8 24. Nh4 Rxd1 25. Rxd1 Nxe5 26. f4 Nc6
27. f5 Bc8 28. Nd5 Nb4 29. Nxc7 Nxa2 30. Nd5 b5 31. cxb5 axb5
32. Ra1 Nb4 33. Ne7+ Kh7 34. Ra8 c4 35. bxc4 bxc4 36. Ra4 Nd3
37. Rxc4 Ba6 38. Rc6 Bb5 39. Rb6 Bc4 40. Rc6 Re8 41. Rc7 Ne5
42. Kf4 Nd3+ 43. Kg3 Ne5 44. Nf3 Nxf3 45. Kxf3 f6 46. h4 Bb3
47. g5 hxg5 48. hxg5 fxg5 49. Kg4 Bf7 50. Kxg5 Kh8 51. Ra7 Kh7
52. f6 gxf6+ 53. Kxf6 Bb3 54. Nd5+ Kh6 55. Ra3 1/2-1/2

[Event "World Junior Championships"]
[Site "Chennai IND"]
[Date "2011.08.03"]
[EventDate "2011.08.01"]
[Round "2"]
[Result "1/2-1/2"]
[White "Burak Firat"]
[Black "Ray Robson"]
[WhiteElo "2373"]
[BlackElo "2560"]
[PlyCount "82"]

1. e4 c5 2. Nf3 d6 3. d4 cxd4 4. Nxd4 Nf6 5. Nc3 Nc6 6. Bg5 e6
7. Qd2 a6 8. O-O-O Bd7 9. f4 b5 10. Bxf6 gxf6 11. Nxc6 Bxc6
12. Qe1 Qa5 13. Kb1 Kd7 14. Bd3 Qb6 15. Qh4 Be7 16. Qh5 Rhf8
17. Rhe1 b4 18. Ne2 a5 19. Bc4 Bxe4 20. Nd4 f5 21. g4 Rac8
22. gxf5 Bxf5 23. Nxf5 Rxc4 24. Nxe7 Kxe7 25. f5 Qf2 26. Qg5+
Kd7 27. Qg7 Rxc2 28. fxe6+ Kc7 29. Rc1 Kb6 30. Rxc2 Qxe1+
31. Rc1 Qe4+ 32. Ka1 Rc8 33. Qg1+ Kb7 34. Re1 Qd5 35. e7 Re8
36. Qe3 f5 37. h4 Qe4 38. Qd2 Qc6 39. Rc1 Qd7 40. Qd5+ Kb6
41. Qd4+ Kb7 1/2-1/2

[Event "World Junior Championships"]
[Site "Chennai IND"]
[Date "2011.08.04"]
[EventDate "2011.08.01"]
[Round "3"]
[Result "1-0"]
[White "Ray Robson"]
[Black "Aditya Udeshi"]
[WhiteElo "2560"]
[BlackElo "2378"]
[PlyCount "51"]

1. e4 c5 2. Nc3 a6 3. Nge2 d6 4. g3 e5 5. Bg2 g6 6. d3 Bg7
7. Be3 Nc6 8. Qd2 Be6 9. O-O Nge7 10. f4 Nd4 11. Nd1 O-O
12. c3 Nxe2+ 13. Qxe2 exf4 14. Bxf4 Qd7 15. Nf2 Nc6 16. Qd2
Rfe8 17. Bh6 Bh8 18. Be3 Qd8 19. Rae1 Bxa2 20. Ng4 Ne5
21. Nh6+ Kf8 22. d4 cxd4 23. cxd4 Nd7 24. b3 Bxb3 25. Qb4 Qb6
26. d5 1-0

[Event "World Junior Championships"]
[Site "Chennai IND"]
[Date "2011.08.05"]
[EventDate "2011.08.01"]
[Round "4"]
[Result "0-1"]
[White "Ray Robson"]
[Black "Alexey Goganov"]
[WhiteElo "2560"]
[BlackElo "2489"]
[PlyCount "77"]

1. e4 e6 2. d4 d5 3. Nc3 Nf6 4. Bg5 dxe4 5. Nxe4 Nbd7 6. Nf3
h6 7. Nxf6+ Nxf6 8. Be3 Nd5 9. Bd2 c5 10. Bb5+ Bd7 11. Bxd7+
Qxd7 12. c4 Nb6 13. Rc1 Be7 14. dxc5 Bxc5 15. b4 Be7 16. c5
Nd5 17. Ne5 Qc7 18. Qa4+ Kf8 19. Nd3 h5 20. O-O h4 21. h3 Rh5
22. b5 Rf5 23. Rfd1 Kg8 24. Qc4 a6 25. a4 axb5 26. axb5 Ra3
27. Nb4 Nf4 28. b6 Qxc5 29. Bxf4 Qxb4 30. Qxb4 Bxb4 31. Rc4
Bc5 32. Be3 Bxe3 33. fxe3 g5 34. e4 Rb5 35. Rc8+ Kg7 36. Rc7
Kg6 37. Rf1 f6 38. Rxb7 Rg3 39. Kf2 0-1

[Event "World Junior Championships"]
[Site "Chennai IND"]
[Date "2011.08.06"]
[EventDate "2011.08.01"]
[Round "5"]
[Result "0-1"]
[White "Kannappan Priyadharshan"]
[Black "Ray Robson"]
[WhiteElo "2376"]
[BlackElo "2560"]
[PlyCount "54"]

1. e4 c5 2. Nf3 d6 3. d4 cxd4 4. Nxd4 Nf6 5. Nc3 g6 6. Be3 Bg7
7. f3 Nc6 8. Qd2 O-O 9. O-O-O d5 10. exd5 Nxd5 11. Nxc6 bxc6
12. Bd4 e5 13. Bc5 Rb8 14. Nxd5 cxd5 15. Qxd5 Qf6 16. Qd2 Be6
17. Bxf8 Bxf8 18. Kb1 e4 19. Qd4 Qe7 20. b3 Qa3 21. fxe4 Bg7
22. e5 Qa5 23. Be2 Bxe5 24. Qe3 Rb4 25. Rd8+ Kg7 26. Rhd1
Qxa2+ 27. Kc1 Bf4 0-1

[Event "World Junior Championships"]
[Site "Chennai IND"]
[Date "2011.08.07"]
[EventDate "2011.08.01"]
[Round "6"]
[Result "0-1"]
[White "S Nitin"]
[Black "Ray Robson"]
[WhiteElo "2365"]
[BlackElo "2560"]
[PlyCount "62"]

1. e4 e6 2. d4 d5 3. Nc3 Nf6 4. Bg5 dxe4 5. Nxe4 Be7 6. Bxf6
Bxf6 7. Nf3 O-O 8. Qd2 b6 9. O-O-O Bb7 10. Bd3 Nd7 11. Qf4 c5
12. dxc5 bxc5 13. c3 Qb6 14. Bc4 Rab8 15. Rd2 Qa5 16. Nxf6+
Nxf6 17. Ne5 Bd5 18. f3 Rb7 19. g4 Rfb8 20. Rhd1 h6 21. h4 Qc7
22. g5 Nh5 23. Qe3 Ng3 24. Bxd5 exd5 25. f4 Nf5 26. Qh3 Nd6
27. gxh6 Qa5 28. a3 Rxb2 29. Rxb2 Qxa3 30. Nd3 Nc4 31. Qg3
Qxc3+ 0-1

[Event "World Junior Championships"]
[Site "Chennai IND"]
[Date "2011.08.02"]
[EventDate "2011.08.02"]
[Round "1.8"]
[Result "1-0"]
[White "Ray Robson"]
[Black "Hemant Sharma"]
[WhiteElo "2560"]
[BlackElo "2247"]
[PlyCount "125"]

1. e4 c5 2. Nf3 Nc6 3. d4 cxd4 4. Nxd4 g6 5. Nc3 Bg7 6. Be3
Nf6 7. Bc4 Qa5 8. O-O O-O 9. h3 d6 10. Nb3 Qc7 11. Re1 b6
12. Qd2 Re8 13. Bh6 Bh8 14. Bg5 Be6 15. Bxe6 fxe6 16. f4 Rad8
17. f5 exf5 18. exf5 gxf5 19. Nd5 Qd7 20. Rxe7 Nxe7 21. Bxf6
Nxd5 22. Qxd5+ Qf7 23. Qxf7+ Kxf7 24. Bxd8 Rxd8 25. c3 Be5
26. Kf2 a5 27. a3 a4 28. Nd2 Rc8 29. Rd1 Rc5 30. Nf3 Rb5
31. Rd2 Kf6 32. Ke3 h5 33. Re2 Rd5 34. Rd2 Rb5 35. Kd3 Rc5
36. Kc2 b5 37. Re2 Rd5 38. Ne1 Kg5 39. Nd3 Kh4 40. Re3 Kg5
41. Rf3 h4 42. Re3 Kf6 43. Re1 Kf7 44. Rf1 Kf6 45. Kd2 Kg5
46. Ke2 Bg3 47. Rc1 Be5 48. Ke3 Bf6 49. Rc2 Bg7 50. c4 bxc4
51. Rxc4 Ra5 52. Rb4 Be5 53. Ne1 Bf4+ 54. Rxf4 Re5+ 55. Kf3
Rxe1 56. Rxa4 Rf1+ 57. Ke2 Rc1 58. Rd4 Rc2+ 59. Rd2 Rc6
60. Kf3 Ra6 61. Rd3 Rb6 62. b4 Ra6 63. b5 1-0

[Event "World Junior Championships"]
[Site "Chennai IND"]
[Date "2011.08.09"]
[EventDate "2011.08.02"]
[Round "7"]
[Result "1/2-1/2"]
[White "Ray Robson"]
[Black "Vugar Rasulov"]
[WhiteElo "2560"]
[BlackElo "2522"]
[PlyCount "85"]

1. e4 c5 2. c3 d5 3. exd5 Qxd5 4. d4 Nc6 5. Nf3 e5 6. Nxe5
Nxe5 7. dxe5 Qxe5+ 8. Be3 Bd7 9. Nd2 O-O-O 10. Be2 Nf6 11. O-O
Qc7 12. Bf3 h5 13. g3 h4 14. Bf4 Bd6 15. Bxd6 Qxd6 16. Nc4
Qxd1 17. Rfxd1 Kc7 18. Nd6 hxg3 19. hxg3 Bg4 20. Bxg4 Nxg4
21. Ne4 Kc6 22. f3 Ne5 23. Kg2 f5 24. Nd2 Nd3 25. Nc4 Rhe8
26. a4 Re2+ 27. Kg1 Kc7 28. Rab1 g5 29. b4 f4 30. g4 Ra2
31. bxc5 Nxc5 32. Rxd8 Kxd8 33. Rb5 Nxa4 34. Rxb7 Nxc3 35. Nd6
a5 36. Nf7+ Ke8 37. Nxg5 Ne2+ 38. Kf1 Nd4 39. Ne4 Nxf3
40. Nd6+ Kd8 41. Nf7+ Kc8 42. Nd6+ Kd8 43. Nf7+ 1/2-1/2

[Event "World Junior Championships"]
[Site "Chennai IND"]
[Date "2011.08.11"]
[EventDate "2011.08.02"]
[Round "9"]
[Result "1-0"]
[White "Ray Robson"]
[Black "Sundar M Shyam"]
[WhiteElo "2560"]
[BlackElo "2478"]
[PlyCount "123"]

1. e4 e5 2. Nf3 Nc6 3. Bc4 Bc5 4. O-O Nf6 5. d4 Bxd4 6. Nxd4
Nxd4 7. Bg5 Qe7 8. Nc3 c6 9. f4 Qc5 10. Bxf7+ Kxf7 11. fxe5
Ne6+ 12. Kh1 Qxe5 13. Bxf6 gxf6 14. Rf5 Qd4 15. Qh5+ Ke7
16. Rd1 Qb4 17. e5 Kd8 18. exf6 Qxb2 19. Qf7 Re8 20. Ne4 Qxc2
21. Re1 Nd4 22. Rff1 Rxe4 23. Qe7+ Rxe7 24. fxe7+ Kc7 25. e8=Q
Ne6 26. Rf7 Kb6 27. Qe7 a5 28. Rxh7 Qxa2 29. h4 Qb2 30. Rh5
Qb4 31. Qxb4+ axb4 32. Rh8 Kc7 33. h5 Ra5 34. g4 Rg5 35. Rg1
b3 36. h6 b2 37. Rxc8+ Kxc8 38. h7 Rxg4 39. h8=Q+ Nd8 40. Qxb2
Rh4+ 41. Kg2 Rg4+ 42. Kf2 Rxg1 43. Kxg1 Ne6 44. Qe5 b6 45. Kf2
Nc5 46. Ke3 Kb7 47. Qd6 Kc8 48. Qf8+ Kb7 49. Qe8 Ka6 50. Kd4
Kb5 51. Qe2+ Ka5 52. Ke5 Kb4 53. Qd2+ Kc4 54. Qd4+ Kb5 55. Kd6
Nb3 56. Qc3 Nc5 57. Qb2+ Ka5 58. Kc7 Na6+ 59. Kxd7 Nb4 60. Kc7
c5 61. Qb3 Kb5 62. Qe6 1-0

[Event "World Junior Championships"]
[Site "Chennai IND"]
[Date "2011.08.12"]
[EventDate "2011.08.02"]
[Round "10"]
[Result "0-1"]
[White "Sasa Martinovic"]
[Black "Ray Robson"]
[WhiteElo "2521"]
[BlackElo "2560"]
[PlyCount "86"]

1. d4 Nf6 2. c4 g6 3. Nc3 d5 4. Bg5 Bg7 5. Bxf6 Bxf6 6. cxd5
c6 7. Rc1 O-O 8. dxc6 Qxd4 9. Qxd4 Bxd4 10. cxb7 Bxb7 11. e3
Bf6 12. Nf3 Rd8 13. Bb5 Na6 14. Bf1 Nb8 15. Bb5 Na6 16. O-O
Nb4 17. a3 Nd3 18. Bxd3 Rxd3 19. Rfd1 Rxd1+ 20. Nxd1 Rd8
21. Kf1 Rd6 22. Nc3 Bxf3 23. gxf3 Rd2 24. Na4 Bh4 25. Rc4 Bxf2
26. Re4 Kf8 27. b4 f5 28. Re5 Bh4 29. Ra5 Rf2+ 30. Kg1 Rxf3
31. Rxa7 Rxe3 32. Nb6 Re1+ 33. Kg2 Re2+ 34. Kf3 Rf2+ 35. Ke3
Rxh2 36. Ra8+ Kf7 37. Nc4 Bg5+ 38. Kd4 Bf6+ 39. Kc5 f4 40. b5
f3 41. b6 f2 42. Nd2 Rh1 43. b7 Be5 0-1

[Event "World Junior Championships"]
[Site "Chennai IND"]
[Date "2011.08.13"]
[EventDate "2011.08.02"]
[Round "11"]
[Result "1/2-1/2"]
[White "Ray Robson"]
[Black "Sethuraman P Sethuraman"]
[WhiteElo "2560"]
[BlackElo "2529"]
[PlyCount "147"]

1. e4 c5 2. Nf3 d6 3. d4 cxd4 4. Nxd4 Nf6 5. Nc3 Nc6 6. Bg5
Bd7 7. f4 Qb6 8. Nb3 Ng4 9. Qe2 Nd4 10. Qd2 Nxb3 11. axb3 Qe3+
12. Qxe3 Nxe3 13. Kd2 Nxf1+ 14. Rhxf1 e6 15. f5 a6 16. fxe6
fxe6 17. Nd5 Rc8 18. Nb6 Rc7 19. Nxd7 Rxd7 20. b4 h6 21. Be3
Be7 22. c3 Bf6 23. Ra5 O-O 24. Ke2 Rc8 25. Rd1 Bd8 26. Ra4 Bf6
27. Ra5 Bd8 28. Ra4 Bf6 29. Bf4 d5 30. Be3 Rc4 31. exd5 exd5
32. Ra5 Re7 33. Kf3 Bxc3 34. Raxd5 Bxb4 35. Rd7 b5 36. Rxe7
Bxe7 37. Bd4 a5 38. Ke3 Rc2 39. Kf3 a4 40. Re1 Bf8 41. Re5 b4
42. Ra5 Rd2 43. Be3 Rxb2 44. Rxa4 Rb1 45. Ra8 Kf7 46. Bd4 g5
47. Ke4 Re1+ 48. Kd3 Rd1+ 49. Ke4 Rd2 50. Ra7+ Kg6 51. Ra8 Be7
52. Ra6+ Kh5 53. h3 Bf8 54. Ra8 Bd6 55. Ra6 Bg3 56. Be3 Rd6
57. Ra4 Be1 58. Bc5 Rf6 59. Kd3 b3 60. Bd4 Rd6 61. Ke4 Rd8
62. Ra1 Bg3 63. Rb1 Rb8 64. Kd3 Kh4 65. Kc4 Bf4 66. Bf2+ Bg3
67. Bd4 b2 68. Rxb2 Rxb2 69. Bxb2 Bf4 70. Bg7 h5 71. g4 hxg4
72. hxg4 Kxg4 73. Bf6 Kf5 74. Bxg5 1/2-1/2

[Event "World Junior Championships"]
[Site "Chennai IND"]
[Date "2011.08.14"]
[EventDate "2011.08.02"]
[Round "12"]
[Result "1-0"]
[White "Robert Hovhannisyan"]
[Black "Ray Robson"]
[WhiteElo "2556"]
[BlackElo "2560"]
[PlyCount "91"]

1. e4 c5 2. Nf3 d6 3. d4 cxd4 4. Nxd4 Nf6 5. Nc3 Nc6 6. Bg5 e6
7. Qd2 a6 8. O-O-O h6 9. Nxc6 bxc6 10. Bf4 d5 11. Qe3 Bb4
12. a3 Ba5 13. exd5 cxd5 14. Be2 O-O 15. g4 Bb7 16. Rhg1 Rc8
17. g5 Rxc3 18. bxc3 Ne4 19. Qxe4 dxe4 20. Rxd8 Rxd8 21. gxh6
g6 22. c4 Bb6 23. Be3 Bxe3+ 24. fxe3 Kh7 25. Rd1 Rxd1+
26. Kxd1 Kxh6 27. h4 f5 28. c5 e5 29. Bc4 Kh5 30. Be6 Bc6
31. c4 Kxh4 32. Bd5 Ba4+ 33. Ke2 Kg3 34. c6 g5 35. c7 Bd7
36. Bb7 f4 37. c8=Q Bxc8 38. Bxc8 Kg2 39. c5 f3+ 40. Kd2 f2
41. Bxa6 g4 42. c6 g3 43. c7 Kh2 44. c8=Q g2 45. Qh8+ Kg1
46. Qh3 1-0

[Event "World Junior Championships"]
[Site "Chennai IND"]
[Date "2011.08.15"]
[EventDate "2011.08.02"]
[Round "13"]
[Result "0-1"]
[White "Kacper Piorun"]
[Black "Ray Robson"]
[WhiteElo "2514"]
[BlackElo "2560"]
[PlyCount "66"]

1. e4 c5 2. Nf3 d6 3. d4 cxd4 4. Nxd4 Nf6 5. Nc3 g6 6. Be3 Bg7
7. f3 Nc6 8. Qd2 O-O 9. Bc4 Bd7 10. O-O-O Rc8 11. Bb3 Ne5
12. Kb1 Nc4 13. Bxc4 Rxc4 14. h4 h5 15. g4 hxg4 16. h5 Nxh5
17. fxg4 Bxg4 18. Rdg1 e5 19. Ndb5 Bf3 20. Qd3 Rxc3 21. Nxc3
Bxh1 22. Rxh1 a6 23. Qd5 b5 24. Qc6 Qa8 25. Qxd6 Ng3 26. Rh4
Qd8 27. Qxd8 Rxd8 28. Rg4 Nf1 29. Bb6 Rd6 30. Bc5 Rc6 31. Bg1
Nd2+ 32. Kc1 Bh6 33. Kd1 Nc4 0-1

[Event "World Cup"]
[Site "Khanty-Mansiysk RUS"]
[Date "2011.08.29"]
[EventDate "2011.08.28"]
[Round "1.2"]
[Result "1/2-1/2"]
[White "Ray Robson"]
[Black "Etienne Bacrot"]
[WhiteElo "2560"]
[BlackElo "2710"]
[PlyCount "52"]

1. e4 e5 2. Nf3 Nc6 3. Bb5 Nf6 4. O-O Nxe4 5. d4 Nd6 6. Bxc6
dxc6 7. dxe5 Nf5 8. Qxd8+ Kxd8 9. Nc3 Ke8 10. h3 h5 11. Rd1
Be7 12. Bg5 Be6 13. Rd2 h4 14. Rad1 Rh5 15. Bxe7 Nxe7 16. Nd4
Bd5 17. f4 a6 18. b3 b6 19. Kf2 Rc8 20. Rd3 Kf8 21. Nf3 Re8
22. Rd4 Be6 23. Rd8 Ng6 24. Ke3 Ne7 25. Kf2 Ng6 26. Ke3 Ne7
1/2-1/2

[Event "World Cup"]
[Site "Khanty-Mansiysk RUS"]
[Date "2011.08.30"]
[EventDate "2011.08.28"]
[Round "1.4"]
[Result "1-0"]
[White "Ray Robson"]
[Black "Etienne Bacrot"]
[WhiteElo "2560"]
[BlackElo "2710"]
[PlyCount "73"]

1. e4 e5 2. f4 exf4 3. Nf3 Ne7 4. Bc4 d5 5. exd5 Nxd5 6. O-O
Be7 7. d4 Be6 8. Bb3 O-O 9. c4 Nb6 10. Qd3 N8d7 11. Bxf4 Nc5
12. Qe3 Ncd7 13. Nbd2 Re8 14. Rae1 Bb4 15. a3 Bf8 16. Ng5 Nf6
17. Qd3 Nbd7 18. Bc2 g6 19. Qf3 Bg4 20. Qg3 Be2 21. Rf2 Nh5
22. Qh3 Ndf6 23. Be5 Rxe5 24. Nxf7 Qxd4 25. Nxe5 Bg4 26. Qb3
Bc5 27. Nd3 Bf5 28. Nf3 Qxd3 29. Bxd3 Ng4 30. Bxf5 gxf5
31. Qxb7 Rd8 32. Re8+ Rxe8 33. Qd5+ Kg7 34. Qxc5 Nxf2 35. Kxf2
Nf6 36. Qxf5 c5 37. b4 1-0

[Event "World Cup"]
[Site "Khanty-Mansiysk RUS"]
[Date "2011.08.30"]
[EventDate "2011.08.28"]
[Round "1.5"]
[Result "1-0"]
[White "Etienne Bacrot"]
[Black "Ray Robson"]
[WhiteElo "2710"]
[BlackElo "2560"]
[PlyCount "181"]

1. d4 Nf6 2. c4 g6 3. Nc3 d5 4. cxd5 Nxd5 5. g3 Bg7 6. Bg2 Nb6
7. Nf3 Nc6 8. e3 O-O 9. O-O Re8 10. Re1 a5 11. Qe2 Be6 12. Nd2
Nb4 13. Rd1 c6 14. a3 N4d5 15. Nce4 Qc8 16. Nc5 Bg4 17. Bf3
Bxf3 18. Nxf3 Nd7 19. Nxd7 Qxd7 20. e4 Nb6 21. Bf4 a4 22. Rac1
Ra5 23. Rc5 Rea8 24. Bd2 Rb5 25. Bb4 e6 26. h4 h5 27. Kg2 Bf8
28. Rxb5 cxb5 29. Bxf8 Kxf8 30. Ne5 Qe8 31. Qe3 Nc4 32. Nxc4
bxc4 33. Qc3 b5 34. d5 exd5 35. exd5 Kg8 36. d6 Rd8 37. Qf3
Qe5 38. Qc3 Qxc3 39. bxc3 Kg7 40. Rd5 Kf6 41. Rxb5 Rxd6
42. Rb4 Rd3 43. Rxc4 Ke5 44. Rc7 Ke6 45. Rc8 Ke5 46. Re8+ Kd5
47. Ra8 Rxc3 48. Rxa4 Ke6 49. Re4+ Kf6 50. Re3 Rc2 51. Kf3 Ra2
52. Rc3 Kf5 53. Rc5+ Ke6 54. Ra5 Kf6 55. Ke3 Ke6 56. Ra7 Kf6
57. a4 Ke6 58. a5 Kf6 59. a6 Ke6 60. Ra8 Kf6 61. Kf3 Ra4
62. Ke2 Ra3 63. Ra7 Ke6 64. Kd2 Ra2+ 65. Ke3 Kf6 66. Ra8 Ra3+
67. Kd4 Ra2 68. Kc5 Rxf2 69. Rd8 Ra2 70. Kb6 Rb2+ 71. Kc6 Rc2+
72. Kb7 Rb2+ 73. Ka8 Kf5 74. a7 Kg4 75. Rb8 Ra2 76. Rb3 f6
77. Rb6 g5 78. Rxf6 gxh4 79. gxh4 Kxh4 80. Kb7 Rxa7+ 81. Kxa7
Kg3 82. Rg6+ Kf3 83. Rh6 Kg4 84. Kb6 h4 85. Kc5 h3 86. Kd4 Kg3
87. Ke3 h2 88. Rg6+ Kh3 89. Kf2 h1=N+ 90. Kf3 Kh2 91. Rg7 1-0

[Event "SPICE Cup"]
[Site "Lubbock USA"]
[Date "2011.10.15"]
[EventDate "2011.10.15"]
[Round "1"]
[Result "1-0"]
[White "Ray Robson"]
[Black "Sebastien Feller"]
[WhiteElo "2583"]
[BlackElo "2668"]
[PlyCount "73"]

1. e4 c5 2. Nf3 d6 3. d4 cxd4 4. Nxd4 Nf6 5. Nc3 a6 6. Be3 e6
7. Be2 Qc7 8. a4 b6 9. f4 Bb7 10. Bf3 Nbd7 11. Qe2 Be7 12. g4
Nc5 13. Bf2 g6 14. g5 Nfd7 15. b4 Nxa4 16. Nxa4 b5 17. Nb2
Qc3+ 18. Qd2 Qxb2 19. O-O Rc8 20. Nxb5 Rxc2 21. Nxd6+ Bxd6
22. Qxd6 Rxf2 23. Rad1 Rxf1+ 24. Kxf1 Bc8 25. e5 Qxh2 26. Rd4
h6 27. Bc6 Qh3+ 28. Ke2 Qh2+ 29. Kd3 hxg5 30. Bxd7+ Bxd7
31. Qxd7+ Kf8 32. Qd8+ Kg7 33. Qf6+ Kh7 34. Qxf7+ Kh6
35. fxg5+ Kh5 36. Qf3+ Kxg5 37. Qf6+ 1-0

[Event "SPICE Cup"]
[Site "Lubbock USA"]
[Date "2011.10.16"]
[EventDate "2011.10.15"]
[Round "2"]
[Result "1-0"]
[White "Leinier Dominguez Perez"]
[Black "Ray Robson"]
[WhiteElo "2710"]
[BlackElo "2583"]
[PlyCount "107"]

1. e4 c5 2. Nf3 d6 3. d4 cxd4 4. Nxd4 Nf6 5. Nc3 g6 6. Be3 Bg7
7. f3 Nc6 8. Qd2 O-O 9. O-O-O d5 10. exd5 Nxd5 11. Nxc6 bxc6
12. Bd4 Bxd4 13. Qxd4 Qb6 14. Bc4 Ne3 15. Rd2 Nxc4 16. Qxc4
Be6 17. Qh4 Rab8 18. b3 c5 19. Qxe7 c4 20. Qf6 Qb4 21. Nd5
Bxd5 22. Rxd5 cxb3 23. axb3 Rfc8 24. Kb1 Rc3 25. Rd8+ Rxd8
26. Qxd8+ Kg7 27. Qd5 Re3 28. Rd1 Re2 29. g3 Qc3 30. Qd3 Qxd3
31. Rxd3 Rxh2 32. c4 Re2 33. c5 Re5 34. b4 a5 35. bxa5 Rxc5
36. Ra3 h5 37. a6 Rc8 38. a7 Ra8 39. Kc2 Kf6 40. Kd3 Kg5
41. Ra4 f6 42. Ke3 f5 43. Kf2 Kf6 44. f4 Ke6 45. Kg2 Ke7
46. Kh3 Kf6 47. Kh4 Kg7 48. Ra3 Kf7 49. Ra6 Kg7 50. Kg5 Kf7
51. Rf6+ Ke8 52. Re6+ Kf8 53. Rxg6 Rxa7 54. Rf6+ 1-0

[Event "SPICE Cup"]
[Site "Lubbock USA"]
[Date "2011.10.17"]
[EventDate "2011.10.15"]
[Round "3"]
[Result "1/2-1/2"]
[White "Ray Robson"]
[Black "Georg Meier"]
[WhiteElo "2583"]
[BlackElo "2648"]
[PlyCount "55"]

1. e4 c6 2. d4 d5 3. Nc3 dxe4 4. Nxe4 Nd7 5. Ng5 Ngf6 6. Bd3
e6 7. N1f3 Bd6 8. Qe2 h6 9. Ne4 Nxe4 10. Qxe4 Qc7 11. O-O b6
12. Qg4 Kf8 13. b3 Bb7 14. Bb2 Nf6 15. Qh4 Nd5 16. Rfe1 Nf4
17. Rad1 f6 18. Ne5 g5 19. Qg4 fxe5 20. dxe5 Bb4 21. Re4 c5
22. Rxf4+ gxf4 23. Qxe6 Qf7 24. Qd6+ Qe7 25. Qg6 Qg5 26. Qd6+
Qe7 27. Qg6 Qg5 28. Qd6+ 1/2-1/2

[Event "SPICE Cup"]
[Site "Lubbock USA"]
[Date "2011.10.18"]
[EventDate "2011.10.15"]
[Round "4"]
[Result "1/2-1/2"]
[White "Le Quang Liem"]
[Black "Ray Robson"]
[WhiteElo "2717"]
[BlackElo "2583"]
[PlyCount "92"]

1. c4 Nf6 2. Nc3 d5 3. cxd5 Nxd5 4. g3 g6 5. Bg2 Nb6 6. h4 h6
7. d3 Bg7 8. Be3 N8d7 9. Qd2 Nf6 10. Nf3 Ng4 11. Bc5 O-O
12. Rc1 Re8 13. O-O e5 14. Rfd1 f5 15. Nb5 Nd5 16. Ne1 Ngf6
17. e4 a6 18. Na7 Be6 19. exd5 Nxd5 20. Nc2 Qd7 21. Nb4 b6
22. Nac6 bxc5 23. Rxc5 Nxb4 24. Nxb4 e4 25. Nc6 Bxa2 26. dxe4
Qxd2 27. Rxd2 fxe4 28. b4 Bf7 29. Re2 Bf8 30. Ra5 Re6 31. b5
Rae8 32. bxa6 Rxc6 33. a7 Ra8 34. Bxe4 Rc1+ 35. Kh2 c6 36. Rb2
Bd6 37. Ra6 Be8 38. Rb7 Rc4 39. f3 Rb4 40. Rxb4 Bxb4 41. Rb6
Bd6 42. Bxc6 Bxc6 43. Rxc6 Be5 44. Rxg6+ Kh7 45. Ra6 Bd4
46. Ra4 Bc5 1/2-1/2

[Event "SPICE Cup"]
[Site "Lubbock USA"]
[Date "2011.10.21"]
[EventDate "2011.10.15"]
[Round "6"]
[Result "1/2-1/2"]
[White "Sebastien Feller"]
[Black "Ray Robson"]
[WhiteElo "2668"]
[BlackElo "2583"]
[PlyCount "114"]

1. c4 Nf6 2. Nc3 d5 3. cxd5 Nxd5 4. g3 g6 5. Bg2 Nb6 6. Nf3
Bg7 7. d4 Nc6 8. e3 O-O 9. O-O Re8 10. d5 Na5 11. Nd4 Bd7
12. e4 c6 13. Re1 Rc8 14. Bf4 cxd5 15. exd5 Nac4 16. b3 Nd6
17. Qd2 Na8 18. Nce2 Bg4 19. Rac1 Qd7 20. Be3 Nc7 21. Nf4 Nf5
22. Nxf5 Bxf5 23. a4 b6 24. a5 Nb5 25. axb6 axb6 26. Bf1 Bc3
27. Bxb5 Bxd2 28. Bxd7 Rxc1 29. Rxc1 Bxe3 30. fxe3 Bxd7
31. Rc7 Bf5 32. Rb7 Rd8 33. Rxe7 Kf8 34. Rb7 g5 35. Ne2 Rxd5
36. Nd4 Be4 37. Rxb6 Ra5 38. Rb8+ Kg7 39. Re8 f5 40. g4 Kf7
41. Re6 Ra1+ 42. Kf2 Ra2+ 43. Ke1 Rxh2 44. gxf5 Bxf5 45. Re5
Bg4 46. Rxg5 h5 47. b4 Kf6 48. Rc5 Rb2 49. b5 h4 50. Rc2 Rb1+
51. Kf2 Ke5 52. Nf3+ Bxf3 53. Kxf3 Rxb5 54. Rc4 Rb1 55. Re4+
Kd5 56. Rxh4 Rf1+ 57. Ke2 Ra1 1/2-1/2

[Event "SPICE Cup"]
[Site "Lubbock USA"]
[Date "2011.10.22"]
[EventDate "2011.10.15"]
[Round "7"]
[Result "0-1"]
[White "Ray Robson"]
[Black "Leinier Dominguez Perez"]
[WhiteElo "2583"]
[BlackElo "2710"]
[PlyCount "42"]

1. e4 c5 2. Nf3 d6 3. d4 cxd4 4. Nxd4 Nf6 5. Nc3 a6 6. Bg5 e6
7. f4 h6 8. Bh4 Qb6 9. Qd2 Qxb2 10. Rb1 Qa3 11. f5 Be7
12. fxe6 fxe6 13. Bc4 Nxe4 14. Nxe4 Bxh4+ 15. g3 Bg5 16. Nxg5
hxg5 17. c3 Qc5 18. Bxe6 Qe5+ 19. Kf2 Bxe6 20. Rbe1 O-O+
21. Kg1 Bh3 0-1

[Event "SPICE Cup"]
[Site "Lubbock USA"]
[Date "2011.10.23"]
[EventDate "2011.10.15"]
[Round "8"]
[Result "1-0"]
[White "Georg Meier"]
[Black "Ray Robson"]
[WhiteElo "2648"]
[BlackElo "2583"]
[PlyCount "73"]

1. Nf3 Nf6 2. c4 g6 3. Nc3 d5 4. cxd5 Nxd5 5. g3 Bg7 6. Bg2
Nb6 7. d3 Nc6 8. Be3 O-O 9. Qd2 e5 10. h4 Bg4 11. Ng5 Qe7
12. h5 Bxh5 13. Bxc6 bxc6 14. Nge4 f5 15. Bc5 Qd7 16. Bxf8
Rxf8 17. Nc5 Qe7 18. Nb3 e4 19. O-O-O c5 20. dxe4 fxe4 21. Qe3
c4 22. Nd4 c5 23. Ndb5 Rb8 24. g4 a6 25. Nd6 Bxg4 26. Ndxe4
Bf5 27. Qxc5 Qb7 28. Nd6 Qe7 29. e4 Be6 30. f4 Bxc3 31. bxc3
Na4 32. Qe5 Rb6 33. Rxh7 Qxh7 34. Qxe6+ Kh8 35. Qe8+ Kg7
36. Nf5+ Kf6 37. Qe5+ 1-0